000 01000nam a22002777a 4500
001 BR9509605
003 BR-BrBNA
005 20230928094803.0
007 ta
008 230509b bl.||||| |||| 00| 0 por d
040 _aBR-BrBNA
_bpor
_cBiblioteca Nacional de Agricultura
041 _a(Por)
072 _aM12
_b8520
090 _ 8520 BR9509605
110 1 _aAcademia Brasileira de Estudos Tecnicos em Ranicultura, Vicosa, MG (Brasil)
_915
110 1 _aUniversidade Federal de Vicosa, MG (Brasil)
111 1 _a1. International Meeting on Frog Research and Technology7. Encontro Nacional de Ranicultura
_cVicosa, MG (Brazil)
_d3-8 Feb 1995
245 1 _aTechnofrog'95. 1. International Meeting on Frog Research and Technology e 7. ENAR - Encontro Nacional de Ranicultura. Anais, v. 1 - Resumos
260 3 _aVicosa, MG (Brasil):
_c1995.
300 _a134 p.
500 _aSummary only
650 _aRa
650 _aRanicultura
909 _a202309
_bLucia
_c55
_dLucia Elande
942 _cBK
999 _c52640
_d52640